|
|
|
|
| LEADER |
01561nam a2200397 a 4500 |
| 001 |
EBC894421 |
| 003 |
MiAaPQ |
| 005 |
20200520144314.0 |
| 006 |
m o d | |
| 007 |
cr cn||||||||| |
| 008 |
120507s2012 njua sb 001 0 eng d |
| 010 |
|
|
|z 2012009796
|
| 020 |
|
|
|z 9781118111253 (cloth)
|
| 020 |
|
|
|a 9781118391860 (electronic bk.)
|
| 035 |
|
|
|a (MiAaPQ)EBC894421
|
| 035 |
|
|
|a (Au-PeEL)EBL894421
|
| 035 |
|
|
|a (CaPaEBR)ebr10582591
|
| 035 |
|
|
|a (CaONFJC)MIL380717
|
| 035 |
|
|
|a (OCoLC)808101676
|
| 040 |
|
|
|a MiAaPQ
|c MiAaPQ
|d MiAaPQ
|
| 050 |
|
4 |
|a TS183
|b .H55 2012
|
| 082 |
0 |
4 |
|a 628
|2 23
|
| 100 |
1 |
|
|a Hillis, David R.
|
| 245 |
1 |
0 |
|a Improving profitability through green manufacturing
|h [electronic resource] :
|b creating a profitable and environmentally compliant manufacturing facility /
|c David R. Hillis, J. Barry DuVall.
|
| 260 |
|
|
|a Hoboken, N.J. :
|b Wiley,
|c 2012.
|
| 300 |
|
|
|a xvi, 227 p. :
|b ill.
|
| 504 |
|
|
|a Includes bibliographical references and index.
|
| 533 |
|
|
|a Electronic reproduction. Ann Arbor, MI : ProQuest, 2015. Available via World Wide Web. Access may be limited to ProQuest affiliated libraries.
|
| 650 |
|
0 |
|a Manufacturing processes
|x Cost control.
|
| 650 |
|
0 |
|a Manufacturing processes
|x Environmental aspects.
|
| 650 |
|
0 |
|a Green products
|x Cost effectiveness.
|
| 650 |
|
0 |
|a Sustainable enginering.
|
| 655 |
|
4 |
|a Electronic books.
|
| 700 |
1 |
|
|a DuVall, John Barry,
|d 1942-
|
| 710 |
2 |
|
|a ProQuest (Firm)
|
| 856 |
4 |
0 |
|u https://ebookcentral.proquest.com/lib/matrademy/detail.action?docID=894421
|z Click to View
|